Στρατηγικές για τα ναρκωτικά σε Ελλάδα και Ολλανδία υπό το πρίσμα της ευρωπαϊκής προοπτικής
Saved in:
| Corporate Authors: | , |
|---|---|
| Format: | Book |
| Language: | Greek |
| Published: |
Αθήνα :
Ερευνητικό Πανεπιστημιακό Ινστιτούτο Ψυχικής Υγιεινής(ΕΠΙΨΥ/ΕΚΤΕΠΝ); Βασιλική Ολλανδική Πρεσβεία στην Αθήνα,
2004
|
| Subjects: | |
| Tags: |
Add Tag
No Tags, Be the first to tag this record!
|
MARC
| LEADER | 00000cam a2200000 i 4500 | ||
|---|---|---|---|
| 001 | 1/23284 | ||
| 008 | 060131s2004 gre d | ||
| 020 | |a 960-86677-9-8 | ||
| 035 | |l 10082381 | ||
| 040 | |a GR-MY-UA |b gre |e aacr | ||
| 041 | 0 | |a gre | |
| 082 | 0 | |a 362.29309492 |2 (22) | |
| 245 | 0 | 0 | |a Στρατηγικές για τα ναρκωτικά σε Ελλάδα και Ολλανδία υπό το πρίσμα της ευρωπαϊκής προοπτικής / |c Ερευνητικό Πανεπιστημιακό Ινστιτούτο Ψυχικής Υγιεινής(ΕΠΙΨΥ/ΕΚΤΕΠΝ) ; Βασιλική Ολλανδική Πρεσβεία στην Αθήνα |
| 260 | |a Αθήνα : |b Ερευνητικό Πανεπιστημιακό Ινστιτούτο Ψυχικής Υγιεινής(ΕΠΙΨΥ/ΕΚΤΕΠΝ); Βασιλική Ολλανδική Πρεσβεία στην Αθήνα, |c 2004 | ||
| 300 | |a 276 σ.; |b διαγρ.; |c 24 εκ. | ||
| 500 | |a Κείμενο στα ελληνικά και αγγλικά | ||
| 500 | |a Πρακτικά Ελληνο-Ολλανδικού Σεμιναρίου με όνομα "Στρατηγικές για τα ναρκωτικά σε Ελλάδα και Ολλανδία υπό το πρίσμα της ευρωπαϊκής προοπτικής" 20 και 21 Μαρτίου 2003. | ||
| 650 | 0 | 0 | |a Drug abuse |z Greece |x Congresses. |
| 650 | 0 | 0 | |a Drug abuse |x Government policy |z Greece |x Congresses. |
| 650 | 0 | 0 | |a Drug abuse |z Netherlands |x Congresses. |
| 650 | 0 | 0 | |a Drug abuse surveys |z Greece |x Congresses. |
| 650 | 0 | 0 | |a Drug abuse surveys |z Netherlands |x Drug abuse surveys. |
| 710 | 2 | |a Ερευνητικό Πανεπιστημιακό Ινστιτούτο Ψυχικής Υγιεινής. | |
| 710 | 1 | |a Netherlands. |b Ambassade (Greece) | |
| 852 | |a INST |b LESVOS |e 20060131 |h 362.29309492 ΣΤΡ |p 005100034088 |q 005100034088 |t BK |y 0 | ||
| 901 | |a BIBL1-2006-1 | ||
| 970 | |a ΚΑΡΑ |b ΓΙΑΣΕΜΗ |z 2006/01/31 | ||